000 00533nam a22001697a 4500
005 20251108164832.0
008 250721s1996 xx 000 0 ara d
082 1 4 _a616.5/ابر
100 1 _aإبراهيم، فهد عبد الله
245 1 0 _aالأمراض الجلدية أسبابها و علاجها /
264 1 _aعمان :
_bدار أسامة للنشر و التوزيع،
_c1996.
300 _a48ص
650 1 7 _aأمراض الجلد
650 1 7 _aالمظهر الشخصي
942 _2ddc
_cBK
999 _c15511
_d15511